[Event "CRO-chT"]
[Site "Porec"]
[Date "1998.09.14"]
[Round "8"]
[White "Macek, Vlasta"]
[Black "Trtanj, Tina"]
[Result "1/2-1/2"]
[WhiteElo "2225"]
[BlackElo "2095"]

1.d4 d5 2.c4 e6 3.Nf3 Nf6 4.Nc3 Be7 5.Bf4 a6 6.e3 O-O 7.Rc1 Nbd7 8.Ne5 c6
9.Bd3 Re8 10.O-O Nxe5 11.Bxe5 Nd7 12.Bg3 dxc4 13.Bxc4 b5 14.Be2 Bb7 15.Ne4 Qb6
16.Nd6 Bxd6 17.Bxd6 e5 18.dxe5 Nxe5 19.Qd4 Qxd4 20.exd4 Ng6 21.Bf3 Rad8 22.Bc5 Nf4
23.Bb6 Rd7 24.Rc2 g6 25.h3 Nd5 26.Bc5 Rdd8 27.b4 Re6 28.a4 Rde8 29.a5 Nf4
30.Kh2 Nd3 31.Rd1 Ne1 32.Rc3 Nxf3+ 33.Rxf3 Re2 34.Kg3 Bc8 35.Rdd3 Be6 36.Rde3 Bd5
37.Rxe8+ Rxe8 38.Rf6 Kg7 39.Rd6 Re7 40.Rd8 Re2 41.Ra8 h5 42.h4 g5 43.hxg5 h4+
44.Kxh4 Rxf2 45.Bd6 Kg6 46.g4 Rf1 47.Be7 Rh1+ 48.Kg3 Rg1+  1/2-1/2

[Event "Szeged TT09 IM"]
[Site "Szeged"]
[Date "1998.09.19"]
[Round "3"]
[White "Fang, Joseph"]
[Black "Kovacs, Arthur"]
[Result "1-0"]
[WhiteElo "2315"]
[BlackElo "2140"]

1.Nf3 d5 2.d4 Nf6 3.c4 e6 4.Nc3 Be7 5.Bf4 O-O 6.e3 c5 7.dxc5 Bxc5 8.Qc2 Nc6
9.a3 Qa5 10.O-O-O Rd8 11.Nd2 dxc4 12.Bxc4 Bd6 13.Nb3  1-0

[Event "Elista ol (Men)"]
[Site "Elista"]
[Date "1998.10.03"]
[Round "5"]
[White "Horvath, Csaba"]
[Black "Lutz, Christopher"]
[Result "1/2-1/2"]
[WhiteElo "2540"]
[BlackElo "2600"]

1.d4 d5 2.c4 e6 3.Nc3 Be7 4.Nf3 Nf6 5.Bf4 O-O 6.e3 c5 7.dxc5 Bxc5 8.a3 Nc6
9.Rc1 a6 10.cxd5 exd5 11.Bd3 Bg4 12.O-O d4 13.Ne2 Ba7 14.Nfxd4 Bxd4 15.exd4  1/2-1/2

[Event "Elista ol (Men)"]
[Site "Elista"]
[Date "1998.10.04"]
[Round "6"]
[White "Van Wely, Loek"]
[Black "Sokolov, Ivan"]
[Result "1/2-1/2"]
[WhiteElo "2635"]
[BlackElo "2620"]

1.d4 Nf6 2.c4 e6 3.Nf3 d5 4.Nc3 Be7 5.Bf4 O-O 6.e3 Nbd7 7.Qc2 c5 8.dxc5 Nxc5
9.Be2 dxc4 10.Bxc4 a6 11.a4 Bd7 12.O-O Rc8 13.a5 Qe8 14.Nd2 Bc6 15.b4 Ncd7
16.Qb3 Nh5 17.Bg3 Nxg3 18.hxg3 Bf6 19.Rac1 Qe7 20.Be2 Rfd8 21.Nde4 Be5 22.Rfd1 Nf6
23.Bf3 Rxd1+ 24.Rxd1 Nd5 25.Nxd5 Bxd5 26.Qb1 h6 27.Nc5 Bxf3 28.gxf3 Bd6 29.Rc1 Bxc5
30.Qc2 Qc7 31.Qe4 Qd8 32.bxc5 Qd2 33.Rc4 Qxa5 34.Qxb7 Rxc5 35.Rxc5 Qxc5  1/2-1/2

[Event "Elista ol (Men)"]
[Site "Elista"]
[Date "1998.10.05"]
[Round "7"]
[White "Vescovi, Giovanni"]
[Black "Dorfman, Josif D"]
[Result "0-1"]
[WhiteElo "2525"]
[BlackElo "2585"]

1.d4 Nf6 2.c4 e6 3.Nf3 d5 4.Nc3 Be7 5.Bf4 O-O 6.e3 Nbd7 7.Qc2 c5 8.dxc5 Nxc5
9.Be2 dxc4 10.Bxc4 a6 11.a4 Nd5 12.Bxd5 exd5 13.O-O Be6 14.b4 Nd7 15.Rab1 Rc8
16.Qd3 d4 17.Nxd4 Bc4 18.Qe4 Bxf1 19.Nd5 Re8 20.Kxf1 Bd6 21.Qf5 Bxf4 22.Nxf4 g6
23.Qh3 Nf6 24.Rd1 Qe7 25.b5 Rc4 26.Qf3 Rxa4 27.bxa6 Rxa6 28.Rb1 Ne4  0-1

[Event "Elista ol (Men)"]
[Site "Elista"]
[Date "1998.10.06"]
[Round "8"]
[White "Wastney, Scott"]
[Black "Ferrufino, Boris"]
[Result "1-0"]
[WhiteElo "2155"]
[BlackElo "2035"]

1.Nf3 Nf6 2.c4 e6 3.d4 d5 4.Nc3 Be7 5.Bf4 Nbd7 6.e3 c5 7.Qc2 cxd4 8.exd4 dxc4
9.Bxc4 O-O 10.a3 a6 11.O-O b5 12.Bd3 Bb7 13.Ng5 h6 14.Nge4 Rc8 15.Nd6 Bxd6
16.Bxd6 Re8 17.Qe2 Qb6 18.Be5 Qc6 19.f3 Nxe5 20.dxe5 Nd5 21.Nxd5 Qxd5 22.Rad1 Qb3
23.Bb1 Bd5 24.Rfe1 Red8 25.Qd2 Re8 26.Re3 Qa4 27.Rde1 b4 28.axb4 Rb8 29.Ra3 Qb5
30.Bd3 Bc4 31.Bxc4 Qxc4 32.Re4 Qb5 33.Qd3 Red8 34.Qxb5 axb5 35.Rae3 Rbc8
36.Rc3 Rd1+ 37.Kf2 Rcd8 38.Rc5 Rb8 39.Ke2 Rb1 40.Rc2 Rd8 41.h4 h5 42.Ke3 Ra8
43.Kf4 Ra2 44.Ree2 Ra4 45.Kg5 Rxb4 46.Kxh5 Rh1 47.g4 Rc4 48.Kg5 Rc1 49.Rxc1 Rxc1
50.h5 Rc4 51.Rd2 Kf8 52.Rd8+ Ke7 53.Rg8 Rb4 54.Rxg7 Rxb2 55.h6 b4 56.Rg8 Rh2
57.Rb8 Rh3 58.Rxb4 Rxf3 59.Rb7+  1-0

[Event "Elista ol (Men)"]
[Site "Elista"]
[Date "1998.10.09"]
[Round "10"]
[White "Ekstroem, Roland"]
[Black "Arlandi, Ennio"]
[Result "1/2-1/2"]
[WhiteElo "2510"]
[BlackElo "2440"]

1.d4 d5 2.c4 e6 3.Nc3 Be7 4.Nf3 Nf6 5.Bf4 O-O 6.e3 c5 7.dxc5 Bxc5 8.Qc2 Nc6
9.a3 Qa5 10.O-O-O Be7 11.Kb1 Rd8 12.Nd2 dxc4 13.Bxc4 Qf5 14.Nde4 Rxd1+ 15.Rxd1 Nxe4
16.Nxe4 e5 17.Bg3 Be6 18.f3 h5 19.Bxe6 Qxe6 20.Nc5 Bxc5 21.Qxc5 f6 22.Be1 Qb3
23.Qd5+ Qxd5 24.Rxd5 Rd8 25.Rxd8+ Nxd8 26.Kc2 Kf7 27.Kb3 Ke6 28.Kc4 Kd6 29.a4 Ne6
30.b4 Nc7 31.e4 a6 32.b5 axb5+ 33.axb5 Ne6 34.Bb4+ Kd7 35.Bd2 Nf8 36.Kd5 Ne6
37.Be3 g5 38.Kc4 Nf8 39.Kc5 Ne6+ 40.Kd5 h4 41.Kc4 Kd6 42.h3 Nf4 43.Bxf4 gxf4  1/2-1/2

[Event "Elista ol (Men)"]
[Site "Elista"]
[Date "1998.10.10"]
[Round "11"]
[White "Wastney, Scott"]
[Black "Mohd, A Altaher"]
[Result "1/2-1/2"]
[WhiteElo "2155"]
[BlackElo "2180"]

1.Nf3 d5 2.d4 Nf6 3.c4 e6 4.Nc3 Be7 5.Bf4 O-O 6.e3 c5 7.dxc5 Bxc5 8.Qc2 Nc6
9.Rd1 Qe7 10.Bg5 dxc4 11.Bxc4 a6 12.a3 Qc7 13.Bd3 h6 14.Bxf6 gxf6 15.Nd5 exd5
16.Qxc5 Be6 17.O-O Rac8 18.Bb1 Ne5 19.Qd4 Nxf3+ 20.gxf3 Qe5 21.Qd3 Rfd8 22.Kh1 Qxb2
23.Qh7+ Kf8 24.Bf5 Bxf5 25.Qxf5 Qe5 26.Qh3 Ke7  1/2-1/2

[Event "Elista ol (Men)"]
[Site "Elista"]
[Date "1998.10.10"]
[Round "11"]
[White "Topalov, Veselin"]
[Black "Jussupow, Artur"]
[Result "1/2-1/2"]
[WhiteElo "2700"]
[BlackElo "2640"]

1.Nf3 d5 2.d4 Nf6 3.c4 e6 4.Nc3 Be7 5.Bf4 O-O 6.e3 c5 7.dxc5 Bxc5 8.a3 Nc6
9.b4 Be7 10.cxd5 exd5 11.Be2 Be6 12.Nd4 Rc8 13.O-O a5 14.Nxc6 Rxc6 15.Qd4 axb4
16.axb4 Bd6 17.Bxd6 Qxd6 18.h3 Qc7 19.Nb5 Qe7 20.Qf4 Ne4 21.Nd4 Rb6 22.b5 h6
23.Qe5 Qd6 24.Qxd6 Nxd6 25.Rfc1 Rd8 26.f3 Kf8 27.Kf2 Ke7 28.Bd3 Rc8 29.Ke2 Bd7
30.Rxc8 Nxc8 31.Kd2 g6 32.Kc3 Rd6 33.Ne2 Re6 34.Kd4 Kd6 35.Nc3 Nb6 36.Rc1 Re8
37.e4 Be6 38.e5+ Kd7 39.f4 h5 40.Ra1 Rc8 41.h4 Rc7 42.g3 Rc8 43.Nd1 Nc4 44.Ra2 Kc7
45.Nc3 Rd8 46.Na4 Ra8 47.Nc3 Rd8 48.Rc2 Kb6 49.Rc1 Ka5 50.Ra1+ Kb6 51.Be2 Kc7
52.Rb1 Nd2 53.Rb2 Nc4 54.Rb1 Nd2 55.b6+ Kc6 56.Rb4 Nc4 57.Na4 Ra8 58.Bf3 Nd2
59.Bd1 Nc4 60.Bf3 Nd2 61.Bd1 Nc4  1/2-1/2

[Event "BL2-N9899"]
[Site "Germany"]
[Date "1998.10.18"]
[Round "1.2"]
[White "Muse, Drazen"]
[Black "Glienke, Manfred"]
[Result "1/2-1/2"]
[WhiteElo "2310"]
[BlackElo "2395"]

1.d4 d5 2.c4 e6 3.Nc3 Nf6 4.Nf3 Be7 5.Bf4 O-O 6.e3 c5 7.dxc5 Bxc5 8.Qc2 Qe7
9.a3 dxc4 10.Bxc4 a6 11.Rd1 Rd8 12.O-O Rxd1 13.Rxd1 Qe8 14.Ne5 Nbd7 15.Ne4 Nxe4
16.Qxe4 Nf6 17.Qf3 Be7 18.h3 Ra7 19.Bg5 h6 20.Bh4 b5 21.Nc6 Bb7 22.Nxe7+ Qxe7
23.Qf4 Ra8 24.Bb3 Rc8 25.Qd4 Ba8 26.Qb6 Bb7 27.Bxf6 gxf6 28.Qd4 f5 29.Qf4 Qg5
30.Qxg5+ hxg5 31.f4 gxf4 32.exf4 Be4 33.Kf2 a5 34.Rd2 Rc1 35.Bd1 b4 36.axb4 axb4
37.g4 fxg4 38.hxg4 Bd5 39.Bf3 Bxf3 40.Kxf3 Rc4 41.Ke3 b3 42.Rd3 Rb4 43.Rd4 Rb5
44.Kd3 Kg7  1/2-1/2

[Event "BL2-N9899"]
[Site "Germany"]
[Date "1998.10.18"]
[Round "1.1"]
[White "Bagirov, Vladimir"]
[Black "Rabiega, Robert"]
[Result "1-0"]
[WhiteElo "2480"]
[BlackElo "2525"]

1.c4 e6 2.Nc3 d5 3.d4 Be7 4.Nf3 Nf6 5.Bf4 O-O 6.e3 c5 7.dxc5 Bxc5 8.a3 Nc6
9.b4 Be7 10.cxd5 Nxd5 11.Nxd5 exd5 12.Bd3 Bf6 13.Rc1 a6 14.O-O Re8 15.h3 g6
16.Qd2 Be6 17.Rfd1 Qb6 18.Bf1 d4 19.e4 Rad8 20.Bd3 Rd7 21.Qc2 Bg7 22.Re1 h6
23.Qc5 Qd8 24.Bg3 Bb3 25.Rb1 Ba4 26.Qc1 Na7 27.e5 Nb5 28.Qb2 Nc3 29.Rbc1 Bc6
30.Nd2 h5 31.Nc4 Bb5 32.Qd2 Bxc4 33.Bxc4 Kh8 34.e6 fxe6 35.Bxe6 Rde7 36.Bh4 Qb6
37.Bxe7 Rxe7 38.Bc4 Rxe1+ 39.Rxe1 Qc6 40.Bd3 Qf6 41.Re8+ Kh7 42.Qe1  1-0

[Event "Bundesliga 9899"]
[Site "Germany"]
[Date "1998.10.18"]
[Round "2.1"]
[White "Ftacnik, Lubomir"]
[Black "Rogers, Ian"]
[Result "1/2-1/2"]
[WhiteElo "2580"]
[BlackElo "2570"]

1.d4 d5 2.c4 e6 3.Nf3 Nf6 4.Nc3 Be7 5.Bf4 O-O 6.e3 c5 7.dxc5 Bxc5 8.a3 Nc6
9.Rc1 Be7 10.Be2 dxc4 11.Bxc4 Qxd1+ 12.Rxd1 b6 13.O-O Bb7 14.Nb5 Rfd8 15.Bd6 Kf8
16.Be2 a6 17.Bxe7+ Kxe7 18.Nc3 b5 19.Rxd8 Rxd8 20.Rd1 Rxd1+ 21.Bxd1 h6  1/2-1/2

[Event "Bundesliga 9899"]
[Site "Germany"]
[Date "1998.10.18"]
[Round "2.1"]
[White "Epishin, Vladimir"]
[Black "Short, Nigel D"]
[Result "1/2-1/2"]
[WhiteElo "2590"]
[BlackElo "2660"]

1.d4 Nf6 2.c4 e6 3.Nf3 d5 4.Nc3 Be7 5.Bf4 c5 6.dxc5 Na6 7.g3 O-O 8.cxd5 Nxd5
9.Nxd5 exd5 10.Bg2 Nxc5 11.O-O Bf5 12.Rc1 Be4 13.Be3 Ne6 14.Nd4 Bxg2 15.Kxg2 Bf6
16.Nxe6 fxe6 17.Qb3 Qd7  1/2-1/2

[Event "Cap d'Agde-B"]
[Site "Cap d'Agde"]
[Date "1998.10.26"]
[Round "5"]
[White "Mohamed, Esam Ahmed Nagib"]
[Black "Arencibia, Walter"]
[Result "1-0"]
[WhiteElo "2455"]
[BlackElo "2550"]

1.d4 Nf6 2.c4 e6 3.Nc3 d5 4.Nf3 Be7 5.Bf4 O-O 6.e3 c5 7.dxc5 Bxc5 8.a3 Nc6
9.b4 Be7 10.cxd5 Nxd5 11.Nxd5 exd5 12.Bd3 Bf6 13.Rc1 Bg4 14.O-O a6 15.h3 Bh5
16.Rc5 Ne7 17.g4 Bg6 18.g5 Bb2 19.Bxg6 Nxg6 20.Qb3 Qd7 21.Qxb2 Qxh3 22.Bg3 f5
23.Rc7 Rf7 24.Rxf7 Kxf7 25.Rc1 Re8 26.Qd4  1-0

[Event "Wch U16"]
[Site "Oropesa del Mar"]
[Date "1998.10.30"]
[Round "5"]
[White "Dziuba, Marcin"]
[Black "Grigoriants, Sergey"]
[Result "1/2-1/2"]
[WhiteElo "2280"]
[BlackElo "2320"]

1.d4 Nf6 2.c4 e6 3.Nf3 Be7 4.Nc3 d5 5.Bf4 O-O 6.e3 c5 7.dxc5 Bxc5 8.cxd5 Nxd5
9.Nxd5 exd5 10.Bd3 Bb4+ 11.Ke2 Nc6 12.Qc2 g6 13.a3 Bc5 14.h3 Be6 15.b4 Bb6
16.Rhd1 Qf6 17.Rab1 Rfe8 18.Kf1 d4 19.b5 dxe3 20.Bg5 Qxf3 21.gxf3 Nd4 22.Qa4 Bxh3+
23.Kg1 Nxf3+ 24.Kh1 e2 25.Re1 Be6 26.Qf4 Bd5 27.Bc4 Re4 28.Bxd5 Rxf4 29.Bxf4 Nxe1
30.Rxe1 Rd8 31.Bb3 Re8 32.Be3 Bxe3 33.Rxe2 Re5 34.Rxe3 Rxb5 35.Kg2 Kg7 36.Ba2 Rb2
37.Bd5 Rb5 38.Ba2 Rb2 39.Bd5 Rb5 40.Ba2  1/2-1/2

[Event "Najdorf op"]
[Site "Buenos Aires"]
[Date "1998.10.31"]
[Round "8"]
[White "Panno, Oscar"]
[Black "Auciello, Sergio"]
[Result "1/2-1/2"]
[WhiteElo "2465"]
[BlackElo "2390"]

1.d4 Nf6 2.c4 e6 3.Nc3 d5 4.Nf3 Be7 5.Bf4 O-O 6.e3 c5 7.dxc5 Bxc5 8.a3 dxc4
9.Bxc4 Qxd1+ 10.Rxd1 Bd7 11.Bd6 Rc8 12.Ba2 Na6 13.Ne5 Bxd6 14.Rxd6 Be8 15.f3 Rd8
16.Rxd8 Rxd8 17.Ke2 Kf8 18.e4 Nc5 19.Rc1 Nfd7 20.Rd1 Rb8 21.Nxd7+ Bxd7 22.Ke3 Bc6
23.Ne2 Na4 24.b3 Nb6 25.Nd4 Bd7 26.Rc1 e5 27.Ne2 Be6 28.Rc5 Rc8 29.Rxc8+ Nxc8
30.Nc1 Nd6 31.Kd3 b5 32.Kc3 a5 33.Nd3 f6 34.Nc5 Bf7 35.Bb1 b4+ 36.axb4 Nb5+
37.Kb2 axb4 38.Na6 Nd4 39.Bc2 Nc6 40.Bd3 Na5 41.Bc2 Nc6  1/2-1/2

[Event "Panormo zt"]
[Site "Panormo"]
[Date "1998.10.31"]
[Round "8"]
[White "Bagaturov, Giorgi"]
[Black "Vaganian, Rafael A"]
[Result "1/2-1/2"]
[WhiteElo "2540"]
[BlackElo "2630"]

1.d4 e6 2.c4 d5 3.Nf3 Nf6 4.Nc3 Be7 5.Bf4 c6 6.e3 Nbd7 7.h3 O-O 8.Qc2 a6
9.cxd5 cxd5 10.Ne5 Nxe5 11.Bxe5 b5 12.Bd3 g6 13.O-O Bb7 14.a4 b4 15.Bxf6 Bxf6
16.Na2 Qd6 17.f4 Rfc8 18.Qd2 a5 19.Nc1 Bd8 20.Bb5 Bb6 21.Nd3 Rc7 22.Rac1 Rac8
23.Rxc7 Rxc7 24.Rc1 f6 25.Kf2  1/2-1/2

[Event "Panormo zt"]
[Site "Panormo"]
[Date "1998.10.31"]
[Round "8"]
[White "Nadanian, Ashot"]
[Black "Dervishi, Erald"]
[Result "1-0"]
[WhiteElo "2415"]
[BlackElo "2430"]

1.d4 Nf6 2.c4 e6 3.Nc3 d5 4.Nf3 Be7 5.Bf4 O-O 6.e3 c5 7.dxc5 Bxc5 8.Qc2 Nc6
9.a3 Qa5 10.Nd2 Bb4 11.cxd5 exd5 12.Bd3 d4 13.O-O Bxc3 14.Nc4 Qh5 15.bxc3 Nd5
16.Bg3 dxe3 17.Rae1 Be6 18.fxe3 Nde7 19.Nd6 b6 20.Rb1 Nd5 21.Rb5 Qh6 22.Rxd5 Bxd5
23.Nf5 Qg5 24.Bh4 Qh5 25.Rf4 f6 26.Ng3 Qe8 27.Bxh7+ Kh8 28.Be4 Rd8 29.Rf5 Bxe4
30.Nxe4 g5 31.Bf2 Qd7 32.g4 Kg7 33.Ng3 Ne7 34.Nh5+ Kh8 35.Rxf6 Qxg4+ 36.Bg3 Qxh5
37.Be5 Qd1+ 38.Rf1+ Kg8 39.Rxd1  1-0

[Event "Panormo zt"]
[Site "Panormo"]
[Date "1998.11.01"]
[Round "9"]
[White "Giorgadze, Giorgi"]
[Black "Vaganian, Rafael A"]
[Result "1-0"]
[WhiteElo "2610"]
[BlackElo "2630"]

1.d4 e6 2.c4 d5 3.Nc3 Be7 4.Nf3 Nf6 5.Bf4 c6 6.e3 Nbd7 7.h3 O-O 8.Rc1 a6
9.a4 Ne4 10.Bd3 f5 11.O-O a5 12.Ne2 Kh8 13.Bh2 Ng5 14.Nxg5 Bxg5 15.Qc2 Nb8
16.Nf4 Na6 17.Qe2 Nb4 18.Bb1 b6 19.Rfd1 dxc4 20.Qxc4 Qe8 21.Qb3 Bd7 22.Qa3 Be7
23.Qc3 c5 24.b3 Bf6 25.Ne2 Bc6 26.Nf4 Nd5 27.Nxd5 Bxd5 28.Bd3 Qg6 29.Bf1 cxd4
30.exd4 Bg5 31.f4 Bf6 32.Bg3 Bb7 33.Bf2 Rfc8 34.Qe3 Be4 35.Rc4 h6 36.g3 Qh5
37.Rdc1 Rxc4 38.bxc4 Rd8 39.Qc3 g5 40.fxg5 hxg5 41.Bg2 Bxg2 42.Kxg2 Kg7 43.Qe3 Rh8
44.Rh1 Qe8 45.Qb3 f4 46.g4 Qa8+ 47.d5 exd5 48.cxd5 Rc8 49.Rd1 Rc3 50.Qxb6 Qc8
51.Qb5 Rc2 52.d6 f3+ 53.Kxf3 Qc3+ 54.Rd3 Qa1 55.Kg2 Rxf2+ 56.Kxf2 Bd4+ 57.Ke2 Qa2+
58.Rd2  1-0

[Event "Donetzk zt"]
[Site "Donetsk"]
[Date "1998.11.02"]
[Round "1"]
[White "Malaniuk, Vladimir P"]
[Black "Ovsejevitsch, Sergei"]
[Result "1/2-1/2"]
[WhiteElo "2590"]
[BlackElo "2500"]

1.d4 Nf6 2.Nf3 d5 3.c4 e6 4.Nc3 Be7 5.Bf4 O-O 6.e3 b6 7.Rc1 c5 8.dxc5 bxc5
9.Be2 Bb7 10.O-O Nbd7 11.cxd5 exd5 12.Ne5 Nxe5 13.Bxe5 Nd7 14.Bg3 Nb6 15.Bf3 Qd7
16.Qb3 Rad8 17.Rfd1 d4 18.Bxb7 Qxb7 19.exd4 Rxd4 20.Ne2 Rxd1+ 21.Rxd1 Bf6
22.h3 Qe4 23.Nc3 Qb4 24.Bd6 Qxb3 25.axb3 Rc8 26.Ne4 Bxb2 27.Nxc5 Ba3  1/2-1/2

[Event "Corsican op"]
[Site "Bastia"]
[Date "1998.11.03"]
[Round "7"]
[White "Agrest, Evgenij"]
[Black "Gouret, Thierry"]
[Result "1-0"]
[WhiteElo "2545"]
[BlackElo "2275"]

1.c4 e6 2.Nc3 d5 3.d4 Nf6 4.Nf3 Be7 5.Bf4 O-O 6.e3 Nbd7 7.a3 a6 8.c5 Ne4
9.Bd3 f5 10.Ne5 Nxc3 11.bxc3 Nxe5 12.Bxe5 b6 13.cxb6 cxb6 14.O-O Bd7 15.c4 Bc6
16.Qb3 b5 17.cxb5 Bxb5 18.Rfc1 Ra7 19.Bxb5 axb5 20.Qxb5 Rxa3 21.Qc6 Kf7 22.Rxa3 Bxa3
23.Qb7+ Be7 24.Rc7 Re8 25.g3 Kf8 26.Kg2 Kf7 27.Rd7 Qa5 28.Bd6  1-0

[Event "Chigorin mem"]
[Site "St. Petersburg"]
[Date "1998.11.03"]
[Round "4"]
[White "Shulman, Yuri"]
[Black "Segal, Naum"]
[Result "1-0"]
[WhiteElo "2520"]
[BlackElo "2145"]

1.d4 d5 2.c4 e6 3.Nc3 Be7 4.Nf3 Nf6 5.Bf4 c6 6.e3 O-O 7.h3 Nbd7 8.Qc2 Qa5
9.Nd2 Re8 10.Bd3 Nf8 11.O-O Qd8 12.c5 N6d7 13.b4 Bf6 14.Bd6 e5 15.Nb3 e4
16.Be2 Ng6 17.f3 exf3 18.Rxf3 Nh4 19.Rg3 Nf8 20.e4 dxe4 21.Nxe4 Nf5 22.Nxf6+ Qxf6
23.Be5 Rxe5 24.dxe5 Qxe5 25.Rd3 Ne3 26.Qd2 Nd5 27.Rf3 Be6 28.Re1 Qe4 29.Qd4 Qxd4+
30.Nxd4 Rd8 31.Bc4 Nc7 32.Bxe6 Nfxe6 33.Nf5 Rd7 34.Nd6 b6 35.Ra3 bxc5 36.bxc5 Nd5
37.Rb1 h5 38.Rb7 Nxc5 39.Rxd7 Nxd7 40.Rxa7 Ne5 41.a4 c5 42.Ra8+ Kh7 43.Rc8 Nd3
44.a5  1-0

[Event "SLO-chT"]
[Site "Bled"]
[Date "1998.11.13"]
[Round "7"]
[White "Dizdar, Goran"]
[Black "Beliavsky, Alexander G"]
[Result "0-1"]
[WhiteElo "2570"]
[BlackElo "2645"]

1.d4 Nf6 2.Nf3 d5 3.c4 e6 4.Nc3 Be7 5.Bf4 O-O 6.e3 c5 7.dxc5 Bxc5 8.Qc2 Nc6
9.a3 Qa5 10.O-O-O Be7 11.g4 dxc4 12.Bxc4 e5 13.g5 exf4 14.gxf6 Bxf6 15.Nd5 Ne7
16.Nxf6+ gxf6 17.Nd4 fxe3 18.fxe3 Bf5 19.Nxf5 Qxf5 20.Bd3 Qh3 21.Kb1 Ng6
22.Qf2 Rad8 23.Rhg1 Qe6 24.h4 Kh8 25.h5 Ne7 26.Bc2 Rxd1+ 27.Rxd1 Rg8 28.Rd7 Rg1+
29.Qxg1 Qxd7 30.Qg3 Ng8 31.Qf3 h6 32.Bf5 Qe7 33.Be4 b6 34.Qf5 Kg7 35.Qg4+ Kh8
36.Qf5 Kg7 37.Qg4+ Kh8 38.Qf5  0-1

[Event "BL9899 (Women)"]
[Site "Germany"]
[Date "1998.11.15"]
[Round "4.2"]
[White "Goehler, Antje"]
[Black "Gempe, Anet"]
[Result "1-0"]
[WhiteElo "2160"]
[BlackElo "2130"]

1.d4 d5 2.c4 e6 3.Nc3 Nf6 4.Nf3 Be7 5.Bf4 O-O 6.e3 c5 7.dxc5 Bxc5 8.Qc2 Nc6
9.a3 Qa5 10.Rd1 Be7 11.Nd2 e5 12.Nb3 Qd8 13.Nxd5 Nxd5 14.Rxd5 Qc7 15.Bg3 Be6
16.Rd2 f5 17.f3 Rad8 18.Rxd8 Rxd8 19.Bd3 Na5 20.Nxa5 Qxa5+ 21.Ke2 Bg5 22.Rd1 Qc5
23.Bf2 e4 24.fxe4 fxe4 25.Bxe4 Bxc4+ 26.Ke1 Rxd1+ 27.Kxd1 Qb5 28.Kc1 Be6
29.Bxh7+ Kh8 30.Bd3 Qe5 31.Qe2 Qxh2 32.Qf3 Qc7+ 33.Kd2 Qa5+ 34.Ke2 Qd8 35.Qe4  1-0

[Event "Wch U20 Girls"]
[Site "Calicut"]
[Date "1998.11.19"]
[Round "3"]
[White "Miloradovic, Jelena"]
[Black "Bekiarisova, Alena"]
[Result "0-1"]
[WhiteElo "2130"]
[BlackElo "2175"]

1.c4 e6 2.Nc3 d5 3.d4 Be7 4.Nf3 Nf6 5.Bf4 O-O 6.e3 b6 7.cxd5 exd5 8.h3 c5
9.Be2 Be6 10.O-O h6 11.dxc5 bxc5 12.Rc1 Nbd7 13.Qc2 Qa5 14.Rfd1 Rfc8 15.Ne5 d4
16.Nxd7 dxc3 17.Nxf6+ Bxf6 18.b3 Qb4 19.e4 Bd4 20.Rd3 a5 21.Rb1 a4 22.Be3 axb3
23.axb3 Rab8 24.Bd1 Rd8 25.Bxd4 cxd4 26.Rg3 Bc4 27.Be2 Bxb3 28.Qc1  0-1

[Event "Bundesliga 9899"]
[Site "Germany"]
[Date "1998.11.21"]
[Round "3.3"]
[White "Stohl, Igor"]
[Black "Siegel, Georg"]
[Result "1/2-1/2"]
[WhiteElo "2550"]
[BlackElo "2540"]

1.d4 Nf6 2.c4 e6 3.Nf3 d5 4.Nc3 Be7 5.Bf4 c5 6.dxc5 Bxc5 7.a3 Nc6 8.e3 O-O
9.Qc2 Qa5 10.Nd2 Be7 11.Be2 Bd7 12.O-O Rac8 13.Rfd1 Qb6 14.Bg5 Ne5 15.Bxf6 Bxf6
16.cxd5 exd5 17.Qb3 Be6 18.Qxb6 axb6 19.Nf3 Nxf3+ 20.Bxf3 Bxc3 21.bxc3 Rxc3
22.Bxd5 Bxd5 23.Rxd5 Ra8 24.g4 g6 25.Rb5 Rcxa3 26.Rxa3 Rxa3 27.Rxb6 Ra5 28.Kg2 h5
29.h3 hxg4 30.hxg4 Ra7 31.g5 Kf8 32.f4 Ke7 33.Kf3 Kd7 34.Ke4 Ke7 35.Ke5 Ra5+
36.Kd4 Ra4+ 37.Kd5 Ra5+ 38.Kc4 Ra4+ 39.Kd3 Ra3+ 40.Ke4 Ra4+ 41.Kf3 Ra7 42.e4 Ra3+
43.Kg4 Ra4 44.Rxb7+ Kf8 45.Kf3 Ra3+ 46.Ke2 Ra2+ 47.Ke3 Ra3+ 48.Kd4 Ra4+ 49.Kd5 Ra5+
50.Kc4 Ra4+ 51.Rb4 Ra1 52.Kd4 Ke7 53.Rb5 Kd6 54.Rb6+ Ke7 55.Rc6 Kd7 56.Rc5 Kd6
57.Rd5+ Ke6 58.f5+ gxf5 59.exf5+ Ke7 60.Rb5 Rg1 61.Ke5 Re1+ 62.Kd5 Rd1+ 63.Kc6 Rc1+
64.Rc5 Rg1 65.Re5+ Kf8 66.f6 Kg8 67.Kd7 Kh7 68.Re8 Rxg5 69.Ke7 Ra5 70.Kxf7 Ra7+
71.Ke6 Ra6+ 72.Kf5 Ra5+ 73.Re5 Ra1 74.Re8 Ra5+ 75.Ke6 Ra6+ 76.Kf7 Ra7+ 77.Re7 Ra8
78.Re6 Rb8 79.Re8 Rb7+ 80.Re7 Rb8 81.Ra7 Kh6 82.Ke6 Rb6+ 83.Ke7 Rb8 84.Kf7 Kh7
85.Ke6+ Kg8 86.Kf5 Rb1  1/2-1/2

[Event "Bundesliga 9899"]
[Site "Germany"]
[Date "1998.11.21"]
[Round "3.2"]
[White "Nielsen, Peter Heine"]
[Black "Van der Sterren, Paul"]
[Result "1-0"]
[WhiteElo "2505"]
[BlackElo "2550"]

1.d4 d5 2.c4 e6 3.Nc3 Nf6 4.Nf3 Be7 5.Bf4 O-O 6.e3 c5 7.dxc5 Bxc5 8.a3 Nc6
9.b4 Be7 10.cxd5 Nxd5 11.Nxd5 exd5 12.Bd3 Bf6 13.Rc1 Bg4 14.O-O Qe7 15.h3 Bxf3
16.Qxf3 Rfd8 17.Rfd1 g6 18.Bb1 Bb2 19.Rc2 Bxa3 20.b5 Ne5 21.Bxe5 Qxe5 22.Ba2 Qe7
23.Bxd5 Rd7 24.e4 a5 25.bxa6 Rxa6 26.Rc8+ Kg7 27.Qc3+ Kh6 28.Rg8 Qf6 29.e5 Qf4
30.g3 Bb4 31.Qb2 Ba3 32.Qe2 Qf5 33.h4 Be7 34.Qe3+ g5 35.Kg2  1-0

[Event "Iona Tech Masters"]
[Site "Kilkenny"]
[Date "1998.11.29"]
[Round "6"]
[White "Short, Philip M"]
[Black "Dempsey, Paul"]
[Result "1-0"]
[WhiteElo "2295"]
[BlackElo "2075"]

1.d4 d5 2.Nf3 Nf6 3.c4 e6 4.Nc3 Be7 5.Bf4 O-O 6.e3 Nh5 7.Be5 c6 8.Bd3 g6
9.Qc2 Na6 10.a3 dxc4 11.Bxc4 Nc7 12.O-O Nd5 13.Rfd1 f6 14.Bg3 Nxg3 15.hxg3 Kg7
16.Ne2 b5 17.Bb3 Qb6 18.e4 Nc7 19.Rac1 Bd7 20.Nf4 Rac8 21.Nd3 Na6 22.Ba2 Rfd8
23.b4 Qb7 24.Bb3 Qb6 25.Qa2 Re8 26.Nc5 Nxc5 27.dxc5 Qb7 28.Rxd7 Qxd7 29.Bxe6 Qc7
30.Bxc8 Qxc8 31.Rd1 Bf8 32.Rd4 a5 33.Qd2 axb4 34.axb4 Re7 35.Qf4 Ra7 36.e5 Be7
37.exf6+ Bxf6 38.Rd6 Be7 39.Qe5+ Kg8 40.Qe6+ Qxe6 41.Rxe6 Ra1+ 42.Kh2 Kf8
43.Ne5  1-0

[Event "ROM-ch"]
[Site "Bucuresti"]
[Date "1998.12.14"]
[Round "7"]
[White "Navrotescu, Catalin"]
[Black "Negulescu, Adrian"]
[Result "1/2-1/2"]
[WhiteElo "2440"]
[BlackElo "2465"]

1.d4 d5 2.c4 e6 3.Nc3 Nf6 4.Nf3 Be7 5.Bf4 a6 6.e3 O-O 7.Qc2 dxc4 8.Bxc4 b5
9.Bd3 Bb7 10.O-O h6 11.a4 c6 12.e4 b4 13.Na2 Nbd7 14.Qe2 c5 15.e5 Nh5 16.Bd2 cxd4
17.Be4 Bxe4 18.Qxe4 Nc5 19.Qg4 g6 20.Nxb4 Nb3 21.Nc6 Qd7 22.Nxe7+ Qxe7 23.Bxh6 Nxa1
24.Bxf8 Rxf8 25.Rxa1 Rd8 26.Rd1 Qc5 27.g3 d3 28.Qe4 d2 29.Kg2 Qc1 30.Qe2 Qxb2
31.Rxd2 Rxd2 32.Qxd2 Qb7 33.g4 Qe4 34.gxh5 Qg4+ 35.Kf1 Qxf3 36.hxg6 Qh1+
37.Ke2 Qe4+ 38.Qe3 Qxa4 39.gxf7+ Kxf7 40.Qf3+ Ke8 41.Qh5+ Kd8 42.Qg5+ Kd7
43.Qd2+ Ke8 44.Qd3 Qf4 45.Qc3 Qe4+ 46.Qe3 Qc4+ 47.Qd3 Qf4 48.Qxa6 Qxe5+ 49.Kf1 Qxh2
50.Qxe6+ Kf8 51.Ke2 Qh5+ 52.Ke3 Qc5+ 53.Kf3 Kg7 54.Kg3 Qg5+ 55.Qg4 Kf6  1/2-1/2

[Event "Skopje op"]
[Site "Skopje"]
[Date "1998.12.15"]
[Round "4"]
[White "Jankov, Dejan"]
[Black "Milosevic, Dragan"]
[Result "1-0"]
[WhiteElo "2245"]
[BlackElo "2070"]

1.d4 d5 2.c4 e6 3.Nc3 Nf6 4.Nf3 Be7 5.Bf4 O-O 6.e3 a6 7.Qc2 c6 8.Bd3 Nbd7
9.O-O-O dxc4 10.Bxc4 Nb6 11.Bd3 Nbd5 12.Nxd5 cxd5 13.Kb1 Bd7 14.Ne5 Bb5 15.Rc1 Bd6
16.Bg5 Bxd3 17.Nxd3 Qb6 18.Bxf6 gxf6 19.Qb3 Qa7 20.Rc3 Rfd8 21.Nc5 Rab8 22.Rhc1 b5
23.Qd1 Kf8 24.Qf3 Ke7 25.e4 Bxc5 26.Rxc5 dxe4 27.Qxe4 Qa8 28.Qxh7 Rd7 29.d5 Rh8
30.d6+ Kxd6 31.Rd1+ Kxc5 32.Qc2+ Kb6 33.Rxd7 Rc8 34.Rd6+ Ka7 35.Qd3 Qb7 36.Qd4+ Ka8
37.Rb6 Qc7 38.Rxa6+ Kb8 39.Qb6+ Qb7 40.Qd6+ Qc7 41.Rb6+ Ka7 42.Qxc7+ Rxc7
43.Rxb5 f5 44.h4 Rc4 45.g3 Re4 46.Rc5 Re2 47.Rc2 Re1+ 48.Rc1 Re2 49.Rf1 f4
50.gxf4 Re4 51.h5 Rxf4 52.Rh1 Rd4 53.h6 Rd8 54.h7 Rh8 55.Kc2 Kb6 56.Kd3 Kc5
57.Ke4 Kd6 58.a4 Ke7 59.a5 f6 60.a6 Kf7  1-0

[Event "Cairnhill op"]
[Site "Singapore"]
[Date "1998.12.20"]
[Round "2"]
[White "Wu Shaobin"]
[Black "Long, J."]
[Result "1-0"]
[WhiteElo "2505"]
[BlackElo "2055"]

1.d4 d5 2.c4 e6 3.Nc3 Be7 4.Nf3 Nf6 5.Bf4 O-O 6.e3 c5 7.dxc5 dxc4 8.Bxc4 Bxc5
9.O-O a6 10.Qe2 b5 11.Rfd1 Qb6 12.Bd3 Nbd7 13.e4 Nh5 14.Bd2 e5 15.Nd5 Qb8
16.Rac1 Bd6 17.Nh4 g6 18.Nf5 gxf5 19.Qxh5 f4 20.Bxf4 f6 21.Bh6 Rf7 22.Be2 Nf8
23.Rd3 Raa7 24.Bg4  1-0

[Event "ROM-ch"]
[Site "Bucuresti"]
[Date "1998.12.23"]
[Round "15"]
[White "Negulescu, Adrian"]
[Black "Danilov, Vladimir"]
[Result "1/2-1/2"]
[WhiteElo "2465"]
[BlackElo "2335"]

1.d4 d5 2.Nf3 e6 3.c4 Nf6 4.Bf4 Be7 5.Nc3 c6 6.e3 O-O 7.Rc1 Nbd7 8.h3 a6
9.cxd5 exd5 10.Bd3 Re8 11.O-O Nf8  1/2-1/2